Chemicals & Reactions / (Record no. 5208)

MARC details
000 -LEADER
fixed length control field 01007nam a22003137a 4500
001 - CONTROL NUMBER
control field 5208
003 - CONTROL NUMBER IDENTIFIER
control field FISKH
005 - DATE AND TIME OF LATEST TRANSACTION
control field 20241119094920.0
008 - FIXED-LENGTH DATA ELEMENTS--GENERAL INFORMATION
fixed length control field 241119b cb ||||| |||| 00| 0 eng d
020 ## - INTERNATIONAL STANDARD BOOK NUMBER
International Standard Book Number 9780761309352
040 ## - CATALOGING SOURCE
Original cataloging agency FISKH
Language of cataloging eng
Transcribing agency FISKH
Modifying agency FISKH
050 ## - LIBRARY OF CONGRESS CALL NUMBER
Classification number QD501.R544
082 ## - DEWEY DECIMAL CLASSIFICATION NUMBER
Classification number 540.78
100 ## - MAIN ENTRY--PERSONAL NAME
Personal name Richards, Jon
245 ## - TITLE STATEMENT
Title Chemicals & Reactions /
Statement of responsibility, etc. by Jon Richards
250 ## - EDITION STATEMENT
Edition statement First published in the United States in 2000
260 ## - PUBLICATION, DISTRIBUTION, ETC.
Place of publication, distribution, etc. London :
Name of publisher, distributor, etc. Aladddin Books Ltd ;
Date of publication, distribution, etc. 2000 .
300 ## - PHYSICAL DESCRIPTION
Extent 32 pages :
Other physical details color illustrations ;
Dimensions 29 cm .
490 ## - SERIES STATEMENT
Series statement Science Factory
505 ## - FORMATTED CONTENTS NOTE
Formatted contents note Z <br/>
520 ## - SUMMARY, ETC.
Summary, etc. Describes experiments that demonstrate such chemical reactions as freezing, dissolving, and filtering and explains why they happen.
521 8# - TARGET AUDIENCE NOTE
Target audience note 1110 <br/>
Source Lexile <br/>
521 8# - TARGET AUDIENCE NOTE
Target audience note Z <br/>
Source Raz-Plus <br/>
650 ## - SUBJECT ADDED ENTRY--TOPICAL TERM
Topical term or geographic name entry element science experiments
Form subdivision non-fiction
650 ## - SUBJECT ADDED ENTRY--TOPICAL TERM
Topical term or geographic name entry element homeschool
Form subdivision non-fiction
700 ## - ADDED ENTRY--PERSONAL NAME
Personal name Moores, Ian
Relator term illustrator
942 ## - ADDED ENTRY ELEMENTS (KOHA)
Source of classification or shelving scheme Dewey Decimal Classification
Koha item type Books
Suppress in OPAC No
Holdings
Withdrawn status Lost status Source of classification or shelving scheme Damaged status Not for loan Collection Home library Current library Shelving location Date acquired Total Checkouts Full call number Barcode Date last seen Price effective from Koha item type
    Dewey Decimal Classification     Non-Fiction Footprints International School Library Network Toul Kork Campus Footprints International School Library Network Toul Kork Campus TTP Secondary Non-Fiction Bookshelves 11/19/2024   RIC 540.78 QD501.R544 FISO5323 11/19/2024 11/19/2024 Books